00498nam a2200193 a 4500001001300000003000900013005001700022008004100039020001000080082001600090100001600106245003200122260004700154300000900201500003500210505001000245650003300255700001600288nice12345678IN_TiNIC20260116011318.0050524s1945 mada grp 000 0 eng  ac10000a207.11bRAN aRanson, C W aChristian Minister in India aMadrasbChristian Literature Societyc1945 a289p aincludes index and biblioraphy2 aIndex aTheological-Seminaries-india1 aRanson, C W